<?xml version="1.0" encoding="UTF-8"?>
<record
    xmlns:xsi="http://www.w3.org/2001/XMLSchema-instance"
    xsi:schemaLocation="http://www.loc.gov/MARC21/slim http://www.loc.gov/standards/marcxml/schema/MARC21slim.xsd"
    xmlns="http://www.loc.gov/MARC21/slim">

  <leader>00798nam a22002177a 4500</leader>
  <datafield tag="999" ind1=" " ind2=" ">
    <subfield code="c">192577</subfield>
    <subfield code="d">192577</subfield>
  </datafield>
  <controlfield tag="005">20220927123426.0</controlfield>
  <datafield tag="010" ind1=" " ind2=" ">
    <subfield code="a">B-745704</subfield>
  </datafield>
  <datafield tag="020" ind1=" " ind2=" ">
    <subfield code="a">9780070144965</subfield>
    <subfield code="c">799.00</subfield>
  </datafield>
  <datafield tag="037" ind1=" " ind2=" ">
    <subfield code="b">Tata McGraw-Hill Publishing Company Limited</subfield>
  </datafield>
  <datafield tag="082" ind1=" " ind2=" ">
    <subfield code="a">659.1</subfield>
  </datafield>
  <datafield tag="100" ind1=" " ind2=" ">
    <subfield code="a">Belch, E. George</subfield>
  </datafield>
  <datafield tag="245" ind1=" " ind2=" ">
    <subfield code="a">Advertising and Promotion:</subfield>
    <subfield code="c">George E.Belch</subfield>
    <subfield code="b">An Integrated Marketing Communication Perspective/</subfield>
  </datafield>
  <datafield tag="250" ind1=" " ind2=" ">
    <subfield code="a">7th</subfield>
  </datafield>
  <datafield tag="260" ind1=" " ind2=" ">
    <subfield code="a">New Delhi</subfield>
    <subfield code="b">Tata McGraw-Hill Publishing Company Limited</subfield>
    <subfield code="c">2009</subfield>
  </datafield>
  <datafield tag="270" ind1=" " ind2=" ">
    <subfield code="a">7 West Patel Nagar, </subfield>
    <subfield code="b">New Delhi</subfield>
    <subfield code="e">110008</subfield>
  </datafield>
  <datafield tag="300" ind1=" " ind2=" ">
    <subfield code="a">xxxiii, 1075p.</subfield>
    <subfield code="c">24cm(pbk)</subfield>
  </datafield>
  <datafield tag="700" ind1=" " ind2=" ">
    <subfield code="a">Belch E. Michael</subfield>
  </datafield>
  <datafield tag="700" ind1=" " ind2=" ">
    <subfield code="a">Purani, Keyoor</subfield>
  </datafield>
  <datafield tag="942" ind1=" " ind2=" ">
    <subfield code="2">ddc</subfield>
    <subfield code="c">EN</subfield>
    <subfield code="m">BEL</subfield>
    <subfield code="h">659.1</subfield>
  </datafield>
  <datafield tag="952" ind1=" " ind2=" ">
    <subfield code="0">0</subfield>
    <subfield code="1">0</subfield>
    <subfield code="4">0</subfield>
    <subfield code="7">0</subfield>
    <subfield code="8">NFIC</subfield>
    <subfield code="a">MP</subfield>
    <subfield code="b">MP</subfield>
    <subfield code="d">2022-09-27</subfield>
    <subfield code="e">22.9.22/Gift</subfield>
    <subfield code="g">799.00</subfield>
    <subfield code="l">0</subfield>
    <subfield code="o">659.1 BEL</subfield>
    <subfield code="p">B-745704</subfield>
    <subfield code="r">2022-09-27 00:00:00</subfield>
    <subfield code="t">1</subfield>
    <subfield code="v">799.00</subfield>
    <subfield code="w">2022-09-27</subfield>
    <subfield code="y">EN</subfield>
    <subfield code="z">Gift</subfield>
  </datafield>
</record>
